La dernière Aldini (Record no. 164653)

MARC details
000 -LEADER
campo de control de longitud fija 00940nam a2200241 i 4500
001 - NÚMERO DE CONTROL
campo de control 164653
003 - IDENTIFICADOR DE NÚMERO DE CONTROL
campo de control ES-MaACL
005 - FECHA Y HORA DE LA ÚLTIMA TRANSACCIÓN
campo de control 20250714081356.0
008 - DATOS DE LONGITUD FIJA--INFORMACIÓN GENERAL
campo de control de longitud fija 050803s1882 fr | |||||||| ||fre d
040 ## - FUENTE DE CATALOGACIÓN
Centro catalogador/agencia de origen CAM
Lengua de catalogación spa
Centro/agencia transcriptor CAM
100 1# - ENTRADA PRINCIPAL--NOMBRE DE PERSONA
Nombre de persona Sand, George,
Fechas asociadas al nombre 1804-1876
9 (RLIN) 103060
245 13 - MENCIÓN DEL TÍTULO
Título La dernière Aldini
Resto del título : Myrza, Les visions de la nuit, Georges de Guérin /
Mención de responsabilidad, etc. par George Sand.
250 ## - MENCION DE EDICION
Mención de edición Nouvelle éd.
260 ## - PUBLICACIÓN, DISTRIBUCIÓN, ETC.
Lugar de publicación, distribución, etc. Paris :
Nombre del editor, distribuidor, etc. Calmann Lévy éditeur,
Fecha de publicación, distribución, etc. 1882 (
Lugar de fabricación/manufactura Imprimerie de Lagny :
Fabricante F. Aureau)
300 ## - DESCRIPCIÓN FÍSICA
Extensión 296 p. ;
Dimensiones 18 cm.
490 1# - MENCIÓN DE SERIE
Mención de serie Nouvelle collection Michel Lévy
490 1# - MENCIÓN DE SERIE
Mención de serie Oeuvres complètes de George Sand
598 ## - NOTA LOCAL
Nota local La primera serie tomada de la cub. original y la segunda de la antep.
830 0# - PUNTO DE ACCESO ADICIONAL DE SERIE-TÍTULO UNIFORME
Título uniforme Nouvelle collection Michel Lévy
9 (RLIN) 222203
830 0# - PUNTO DE ACCESO ADICIONAL DE SERIE-TÍTULO UNIFORME
Título uniforme Oeuvres complètes de George Sand
9 (RLIN) 222364
852 ## - LOCALIZACIÓN
Ubicación ES-MaACL
Número de control de estantería D-1018
Nota libre -- Enc. hol. conservando la cub. original
Holdings
Estatus retirado Estado de pérdida Estado de daño No para préstamo Colección Biblioteca de origen Biblioteca actual Ubicación en estantería Fecha de adquisición Fuente de adquisición Total de préstamos Signatura topográfica completa Código de barras Visto por última vez Precio de reemplazo Tipo de ítem Koha
        Libros del s. XIX Biblioteca del Ateneo de Madrid Biblioteca del Ateneo de Madrid Sala Valle Inclán 17/01/2008     D-1018 901172601 23/02/2023 23/02/2023 Libro impreso antiguo